Clinical communication skills in medicine : (Record no. 43799)

MARC details
001 - CONTROL NUMBER
control field 23870933
003 - CONTROL NUMBER IDENTIFIER
control field 0000
005 - DATE AND TIME OF LATEST TRANSACTION
control field 20251015143550.0
006 - FIXED-LENGTH DATA ELEMENTS--ADDITIONAL MATERIAL CHARACTERISTICS--GENERAL INFORMATION
fixed length control field m |o d |
007 - PHYSICAL DESCRIPTION FIXED FIELD--GENERAL INFORMATION
fixed length control field cr_|||||||||||
008 - FIXED-LENGTH DATA ELEMENTS--GENERAL INFORMATION
fixed length control field 240806t20252025flu ob 001 0 eng
010 ## - LIBRARY OF CONGRESS CONTROL NUMBER
LC control number 2024036025
020 ## - INTERNATIONAL STANDARD BOOK NUMBER
International Standard Book Number 9781032875668
035 ## - SYSTEM CONTROL NUMBER
System control number 23870933
040 ## - CATALOGING SOURCE
Original cataloging agency DLC
Language of cataloging eng
Transcribing agency DLC
Description conventions rda
Modifying agency DLC
042 ## - AUTHENTICATION CODE
Authentication code pcc
050 00 - LIBRARY OF CONGRESS CALL NUMBER
Classification number R 118
060 00 - NATIONAL LIBRARY OF MEDICINE CALL NUMBER
Classification number WB 18.2
082 00 - DEWEY DECIMAL CLASSIFICATION NUMBER
Classification number 610.1/4
Edition number 23/eng/20240919
100 1# - MAIN ENTRY--PERSONAL NAME
Personal name Suresh, E.
Fuller form of name (Ernest),
Relator term author.
245 10 - TITLE STATEMENT
Title Clinical communication skills in medicine :
Remainder of title a primer for MRCP PACES /
Statement of responsibility, etc Ernest Suresh MD, FRCP (London).
250 ## - EDITION STATEMENT
Edition statement First edition.
264 #1 - PUBLICATION, DISTRIBUTION, ETC. (IMPRINT)
Place of publication, distribution, etc Boca Raton, FL :
Name of publisher, distributor, etc CRC Press, Taylor & Francis Group,
Date of publication, distribution, etc 2025.
264 #4 - PUBLICATION, DISTRIBUTION, ETC. (IMPRINT)
Date of publication, distribution, etc ♭2025
300 ## - PHYSICAL DESCRIPTION
Extent viii, 238 pages
336 ## - CONTENT TYPE
Content type term text
Content type code txt
Source rdacontent
337 ## - MEDIA TYPE
Media type term computer
Media type code c
Source rdamedia
338 ## - CARRIER TYPE
Carrier type term online resource
Carrier type code cr
Source rdacarrier
490 1# - SERIES STATEMENT
Series statement Masterpass series
500 ## - GENERAL NOTE
General note Includes bibliographical references and index.
504 ## - BIBLIOGRAPHY, ETC. NOTE
Bibliography, etc Includes bibliographical references and index.
520 ## - SUMMARY, ETC.
Summary, etc "This book takes readers through forty-five challenging scenarios to teach communication skills in medicine. It follows the revised format of the Practical Assessment of Clinical Examination Skills (PACES) exam conducted by the Royal College of Physicians in the UK, which tests communication skills twice in two separate stations. Most scenarios in this book have been created in an acute medical unit setting. Being fully dialogued will improve the clinical communication skills of young doctors, senior medical students, nursing staff, and trainees in internal medicine and general practice at all levels, preparing them for the new format of MRCP PACES. Readers will learn: 1. How to convey abnormal test results and break bad news. 2. How to discuss the diagnosis of a chronic disease and negotiate a management plan. 3. How to communicate with patients who pose an ethical dilemma. 4. How to communicate with challenging patients and relatives. 5. What to tell patients or relatives when things go wrong. 6. How to communicate with patients and relatives regarding end-of-life issues. Key Features: 1. Takes readers through a simple step-by-step approach to skillfully dealing with common challenging communication scenarios they face in their daily practice. 2. Guides readers on how to communicate in layman's terms without using medical jargon, as it is fully dialogued, proving particularly helpful to non-UK candidates, whose first language is not English. 3. Simplifies several complex ethical and medicolegal principles, such as treatment of patients lacking capacity, dealing with patients who refuse consent, confidentiality, counselling a non-compliant patient, basic genetic counselling, management of patients who demand non-indicated investigations or treatments, open disclosure after a medical error, preparing an advance decision and lasting power of attorney, issues around brain death and organ donation, tube feeding, Do Not Attempt Resuscitation orders and referral to the coroner"--
Assigning source Provided by publisher.
588 ## - SOURCE OF DESCRIPTION NOTE
Source of description note Description based on print version record and CIP data provided by publisher.
650 12 - SUBJECT ADDED ENTRY--TOPICAL TERM
Topical term or geographic name as entry element Clinical Medicine
650 22 - SUBJECT ADDED ENTRY--TOPICAL TERM
Topical term or geographic name as entry element Communication
650 22 - SUBJECT ADDED ENTRY--TOPICAL TERM
Topical term or geographic name as entry element Physician-Patient Relations
655 #2 - INDEX TERM--GENRE/FORM
Genre/form data or focus term Case Reports
655 #2 - INDEX TERM--GENRE/FORM
Genre/form data or focus term Problems and Exercises
776 08 - ADDITIONAL PHYSICAL FORM ENTRY
Relationship information Print version:
Main entry heading Suresh, E. (Ernest).
Title Clinical communication skills in medicine
Edition First edition.
Place, publisher, and date of publication Boca Raton, FL : CRC Press, Taylor & Francis Group, 2025
International Standard Book Number 9781032875675
Record control number (DLC) 2024036024
830 #0 - SERIES ADDED ENTRY--UNIFORM TITLE
Uniform title Master pass
906 ## - LOCAL DATA ELEMENT F, LDF (RLIN)
a 7
b cbc
c orignew
d 1
e ecip
f 20
g y-gencatlg
942 ## - ADDED ENTRY ELEMENTS (KOHA)
Source of classification or shelving scheme Library of Congress Classification
Koha item type Books
Holdings
Withdrawn status Lost status Source of classification or shelving scheme Damaged status Not for loan Permanent Location Current Location Date acquired Total Checkouts Full call number Barcode Date last seen Price effective from Koha item type
    Library of Congress Classification     NILE UNIVERSITY OF NIGERIA - MAIN LIBRARY NILE UNIVERSITY OF NIGERIA - MAIN LIBRARY 10/15/2025   R 118 S87 2025 0199242 10/15/2025 10/15/2025 Books
    Library of Congress Classification     NILE UNIVERSITY OF NIGERIA - MAIN LIBRARY NILE UNIVERSITY OF NIGERIA - MAIN LIBRARY 10/15/2025   R 118 S87 2025 0199241 10/15/2025 10/15/2025 Books